| 000 | 02284nam a22002417a 4500 | ||
|---|---|---|---|
| 003 | Uzh_bibl | ||
| 008 | 260525b |||||||| |||| 00| 0 ukr d | ||
| 020 |
_a978-1-4052-5590-5 _c100.00 |
||
| 040 | _bукр. | ||
| 041 |
_2eng _aeng |
||
| 080 | _a821(410) | ||
| 090 |
_a821(410) _bМ 83 |
||
| 100 | _a Morpurgo, Michael | ||
| 245 |
_aKensuke's Kingdom _hText _cil.Michael Foreman |
||
| 260 |
_aLondon _b Egmont UK Limited _c2020 |
||
| 300 | _a166 s. | ||
| 520 | _aMichael's parents buy a yacht, and take him off to sail round the world. Washed overboard in a fierce storm, Michael finds himself on the shore of a remote island - and soon discovers he's not alone. Kensuke, a former Japanese soldier, survived the war and the bombing of Hiroshima, but his family perished. As an extraordinary bond forms between the two, Kensuke faces a heart-breaking choice: can he give up the secluded life he's built for himself to help reunite Michael with his parents? Knowing the pain of losing his own family, Kensuke knows which way he has to decide...Батьки Майкла купують яхту і беруть його на кругосвітню подорож. Змитий за борт у сильній бурі, Майкл опиняється на березі віддаленого острова — і незабаром розуміє, що він не сам. Кенсуке, колишній японський солдат, пережив війну та бомбардування Хіросіми, але його сім'я загинула. Коли між ними виникає надзвичайний зв'язок, Кенсуке стоїть перед болісним вибором: чи може він відмовитися від відокремленого життя, яке побудував для себе, щоб допомогти Майклу возз'єднатися з батьками? Знаючи біль втрати власної сім'ї, Кенсуке знає, який шлях має вирішити. | ||
| 521 | _aДля підлітків | ||
| 525 | _aДля старшого шкільного віку | ||
| 546 | _aукр. | ||
| 650 | _aЛітературно-художне видання | ||
| 942 |
_2udc _cBK |
||
| 999 |
_c18023 _d18023 |
||